| 000 | 01218nam1a22002411 4500 | ||
|---|---|---|---|
| 001 | rc\280941 | ||
| 005 | 20030307120655.7 | ||
| 035 | _a(NLR Aleph) 005628140 | ||
| 090 |
_a6551629 _c6551629 |
||
| 100 | _a20030307d1990 u |0rusy50 ca | ||
| 101 | 0 | _arus | |
| 102 | _aRU | ||
| 105 | _ay ||||||||| | ||
| 200 | 1 |
_aОСНОВЫ теории автоматического управления и промышленная электроника _eМетод. разраб. для студентов спец. 1203 "Машины и технология литейн. пр-ва" _e[В 3 ч.] _fМ-во высш. и сред. спец. образования РСФСР. Перм. политехн. ин-т. Каф. общ. электротехники и промэлектроники _g[Сост.: В.К. Бастраков, В.В. Тихнов] |
|
| 210 |
_aПермь _cПерм. политехн. ин-т _d1990 |
||
| 215 | _d20 | ||
| 702 | 1 |
_aБастраков _bВ. К. _gВиктор Клавдиевич _4220 |
|
| 712 | 0 | 2 |
_aПермский политехнический ин-т _3RU\NLR\AUTH\889953119 |
| 801 | 0 |
_aRU _bNLR _gpsbo |
|
| 801 | 1 |
_aRU _bELAR _2rusmarc |
|
| 852 |
_aNLR _j91-4/8962 |
||
| 942 | _cBOOK | ||
| 980 | _aNB | ||